000
00344 a2200157 4500
001
194537
040
_c
Magnum
100
_a
Kowalczyk, Marie-Thérèse
240
1
0
_a
O menino e o jacaré
_l
por
245
1
0
_a
O menino e o jacaré
300
_a
24
362
0
_a
2009
440
1
_a
Brinque-Book
697
_a
LITERATURA INFANTO
942
_c
BK
999
_c
194537
_d
194537